HYDRO DYNAMICS (Record no. 10004)

MARC details
000 -LEADER
fixed length control field 00297nam a22001457a 4500
003 - CONTROL NUMBER IDENTIFIER
control field SGT
082 ## - DEWEY DECIMAL CLASSIFICATION NUMBER
Classification number 532 VER
100 ## - MAIN ENTRY--PERSONAL NAME
Personal name VERMA,B.G
245 ## - TITLE STATEMENT
Title HYDRO DYNAMICS
250 ## - EDITION STATEMENT
Edition statement 11TH
260 ## - PUBLICATION, DISTRIBUTION, ETC. (IMPRINT)
Place of publication, distribution, etc MEERUT
Name of publisher, distributor, etc PRAGATI PRAKASHAN
Year of Publication 2015
300 ## - PAGE DESCRIPTION
No. of Pages 208
653 ## - KEYWORDS--INDEX TERM
Keyword term HYDRO DYNAMICS
942 ## - ADDED ENTRY ELEMENTS (KOHA)
Source of classification or shelving scheme Dewey Decimal Classification
Koha item type FPS Books
Holdings
Withdrawn status Lost status Source of classification or shelving scheme Damaged status Not for loan Collection code Home library Current library Shelving location Date acquired Vendor Name Cost, normal purchase price SGTU Bill Number Total Checkouts Full call number Accession No. (Barcode) Date last seen Bill Date Koha item type
    Dewey Decimal Classification     SCIENCE SGT Science & Social Sciences Library SGT Science & Social Sciences Library Text Book 24/11/2016 PRAGATI PRAKASHAN 160.00 SGTU 7099   532 VER PS2703 24/11/2016 26/09/2016 FPS Books
    Dewey Decimal Classification     SCIENCE SGT Science & Social Sciences Library SGT Science & Social Sciences Library Text Book 24/11/2016 PRAGATI PRAKASHAN 160.00 SGTU 7099   532 VER PS2704 24/11/2016 26/09/2016 FPS Books
    Dewey Decimal Classification     SCIENCE SGT Science & Social Sciences Library SGT Science & Social Sciences Library Text Book 24/11/2016 PRAGATI PRAKASHAN 160.00 SGTU 7099   532 VER PS2705 24/11/2016 26/09/2016 FPS Books
    Dewey Decimal Classification     SCIENCE SGT Science & Social Sciences Library SGT Science & Social Sciences Library Text Book 24/11/2016 PRAGATI PRAKASHAN 160.00 SGTU 7099   532 VER PS2706 24/11/2016 26/09/2016 FPS Books
    Dewey Decimal Classification     SCIENCE SGT Science & Social Sciences Library SGT Science & Social Sciences Library Text Book 24/11/2016 PRAGATI PRAKASHAN 160.00 SGTU 7099   532 VER PS2707 24/11/2016 26/09/2016 FPS Books
    Dewey Decimal Classification     SCIENCE SGT Science & Social Sciences Library SGT Science & Social Sciences Library Text Book 24/11/2016 PRAGATI PRAKASHAN 160.00 SGTU 7099   532 VER PS2708 24/11/2016 26/09/2016 FPS Books